Los niños, las niñas y sus derechos en familia / (Registro nro. 7873)

Detalles MARC
000 -LIDER
fixed length control field 00966nam a2200277 a 4500
001 - NÚMERO DE CONTROL
Identificador de número de control 000045574
003 - IDENTIFICACDOR DE NÚMERO DE CONTROL
control field DO-SdBPM
005 - DATE AND TIME OF LATEST TRANSACTION
control field 20250212092532.0
007 - CAMPOS FIJOS DE DESCRIPCIÓN FÍSICA
fixed length control field 000045574
008 - ELEMENTOS DE LONGITUD FIJA
fixed length control field 150415s20uu dr a 000 0 spa d
040 ## - FUENTE DE CATALOGACIÓN
Agencia que crea de manera original el registro DO-SdBPM
Idioma de catalogación spa
Agencia que realiza la transcripción BPMSU
082 #4 - NÚMERO DE CLASIFICACIÓN DECIMAL DE DEWEY
Classification number 323.4
Item number B699n
Edition number 22
092 ## - LOCALLY ASSIGNED DEWEY DECIMAL CALL NUMBER
Número de clasificación xxxx
Número de ítem (Cutter) xxxx
100 1# - ASIENTO PRINCIPAL -- NOMBRE PERSONAL
Nombre personal Bonasso, Alejandro
245 14 - MENCIÓN DE TITULO
Título Los niños, las niñas y sus derechos en familia /
Mención de responsabilidad Alejandro Bonasso ; ilustraciones Verónica Leite.
246 14 - VARIACION DEL TÍTULO
Título propiamente dicho o título corto ¿Somos familia!
260 ## - PUBLICACIÓN, DISTRIBUCIÓN, ETC. (PIE DE IMPRENTA)
Lugar de publicación, distribución, etc Santo Domingo :
Nombre del editor, distribuidor, etc. Instituto Interamericano del Niño
Fecha de publicación, distribución, etc [200-?]
300 ## - DESCRIPCIÓN FÍSICA
Extensión 23 p. :
Otros detalles físicos il. ;
Dimensiones 23 cm.
590 ## - NOTA LOCAL
Texto de la nota local Inventariado, 2025/VM
650 #4 - ENCABEZAMIENTO DE MATERIA--TEMÁTICO
Término temático o nombre geográfico como elemento de entrada Derechos del niño
Subdivisión geográfica República Dominicana
Subdivisión de forma Programas.
650 #4 - ENCABEZAMIENTO DE MATERIA--TEMÁTICO
Término temático o nombre geográfico como elemento de entrada Trabajo social con niños
Subdivisión geográfica República Dominicana
Subdivisión de forma Programas.
700 1# - ASIENTO SECUNDARIO -- NOMBRE PERSONAL
Nombre personal Leite, Verónica,
Mención de responsabilidad ilustraciones
710 2# - ASIENTO SECUNDARIO -- NOMBRE CORPORATIVO
Materiales especificados Instituto Latinoamericano del Niño
910 ## - VALIDACIÓN
Validación VMateo V. Control de calidad. BPMSU
942 ## - ADDED ENTRY ELEMENTS (KOHA)
Source of classification or shelving scheme Dewey Decimal Classification
Koha item type Libros
Existencias
Withdrawn status Lost status Source of classification or shelving scheme Damaged status Not for loan Collection code Home library Current library Date acquired Total Checkouts Full call number Barcode Date last seen Price effective from Koha item type Copy number
    Dewey Decimal Classification     Colección Infantil Dominicana Biblioteca Pública Metropolitana Salomé Ureña Biblioteca Pública Metropolitana Salomé Ureña 05/14/2015   BPMSU CDI 323.4 B699n BPMSU15051704 05/14/2015 05/14/2015 Libros  
    Dewey Decimal Classification     Colección Infantil Dominicana Biblioteca Pública Metropolitana Salomé Ureña Biblioteca Pública Metropolitana Salomé Ureña 05/14/2015   BPMSU CDI 323.4 B699n BPMSU15051705 05/14/2015 05/14/2015 Libros e.2
    Dewey Decimal Classification     Colección Infantil Dominicana Biblioteca Pública Metropolitana Salomé Ureña Biblioteca Pública Metropolitana Salomé Ureña 05/14/2015     BPMSU15051706 05/14/2015 05/14/2015 Libros e. 3